Electricity distribution network design

Gespeichert in:
Bibliographische Detailangaben
Hauptverfasser: Lakervi, Erkki (Verfasst von), Holmes, E.J (Verfasst von)
Format: Buch
Sprache:Englisch
Veröffentlicht: Herts : Peter Peregrinus, 1995
Ausgabe:2.ed.
Schriftenreihe:Power engineering series
Schlagworte:
Tags: Tag hinzufügen
Keine Tags, Fügen Sie das erste Tag hinzu!

MARC

LEADER 00000nam a22000003a 4500
001 stu49548
005 20150617225709.7
008 990504s1995------------------------eng-d
020 |a 0-86341-308-0 
040 |a STU  |b slo 
041 0 |a eng 
080 |a 621.316  |7 stu_us_auth*stu8411 
084 |a C3340H  |2 INS 
084 |a C7410B  |2 INS 
084 |a B8120J  |2 INS 
100 1 |a Lakervi, Erkki  |4 aut 
245 1 |a Electricity distribution network design 
250 |a 2.ed. 
260 |a Herts :  |b Peter Peregrinus,  |c 1995 
300 |a 325 s 
650 7 |a rozvod elektrickej energie  |2 stusub 
650 7 |a rozvodné siete  |2 stusub 
700 1 |a Holmes, E.J.  |4 aut 
830 0 |a Power engineering series 
996 |b EIEE-143  |c E*IEE-143  |l EE01  |s A  |a 24  |w stu49548_0001